000 00679nam a2200229Ia 4500
003 OSt
005 20221007070822.0
006 a|||||r|||| 00| 0
007 ta
008 221006b |||||||| |||| 00| 0 eng d
024 _a1,912
037 _cTextual
040 _aFLL
_cFLL
_beng
041 _2eng
_aeng
082 _aY:45:6:Z73,163, L6
100 _aBrowning P. L. Ed.
_9687749
245 0 _aRehabilitation and the Retarded offender
260 _aIllinois
_bCharles C Thomas U.S.A
_c1976
650 _aRehabilitation and the retarded offender
_9687750
942 _hY:45:6:Z73,163, L6
_cTEXL
_2CC
999 _c1141614
_d1141614